| 000 | 02780cam a22004574i 4500 | ||
|---|---|---|---|
| 003 | PE-LiUPU | ||
| 005 | 20250731165437.0 | ||
| 008 | 160523s2016 pe a grm 000 0 spa d | ||
| 035 | _a(Sirsi) a156795 | ||
| 040 |
_aPE-LiUPU _bspa _cPE-LiUPU _erda |
||
| 099 |
_aTEF 2 _bC89 2016 |
||
| 100 | 1 |
_aCrisóstomo Quispe, Mara Livia _eautor |
|
| 245 | 1 |
_aEfectividad del programa "cuidando mi salud" en los conocimientos, actitudes y prácticas en la prevención de enfermedades ocupacionales en el personal de limpieza de una universidad privada de Lima este, 2015 / _cMara Livia Crisóstomo Quispe. |
|
| 264 | 0 | _c2016. | |
| 300 |
_a165 hojas : _bilustraciones; _c30 cm |
||
| 336 |
_atext _2rdacontent |
||
| 337 |
_aunmediated _2rdamedia |
||
| 338 |
_avolume _2rdacarrier |
||
| 502 |
_aTesis _b(Lic.) -- _cUniversidad Peruana Unión, _d2016. |
||
| 504 | _aIncluye bibliografía | ||
| 520 | 3 | _aDeterminar la efectividad del programa "cuidando mi salud" sobre conocimientos, actitudes y prácticas en la prevención de enfermedades ocupacionales en el personal de limpieza de una universidad privada de Lima este, 2015. El presente estudio es cuantitativo de diseño pre experimental. Se aplicó una pre prueba y una post prueba. Se utilizó muestreo no probabilístico por conveniencia, con un total de 25 participantes. El programa estuvo, organizado en 12 sesiones educativas teóricas y prácticas. Antes de aplicar el programa, el 64% obtuvo un nivel de conocimiento regular y después, el 92% obtuvo un nivel de conocimientos excelente (p=.000). En cuanto a las actitudes, antes del programa el 96% presentó actitudes positivas y después, el 100%. Se evidenció cambios en los ítems de respuesta; antes predominaba la respuesta "de acuerdo" (76%) y después, el 92% afirmó estar totalmente de acuerdo. En el nivel de prácticas, antes del programa, el 72% de los participantes presentó un nivel bueno, después , el 52% de los participantes obtuvo el nivel excelente (P=004). El programa educativo "cuidando mi salud" fue efectivo en la mejora del nivel de conocimientos, actitudes y prácticas sobre prevención de enfermedades ocupacionales en los trabajadores de limpieza | |
| 526 | _aSEG44 | ||
| 526 | _aSEG26 | ||
| 526 | _aP151 | ||
| 526 | _aP150 | ||
| 526 | _aP149 | ||
| 526 | _aP146 | ||
| 526 | _aP145 | ||
| 526 | _aP126 | ||
| 526 | _aP125 | ||
| 526 | _aP92 | ||
| 526 | _aP75 | ||
| 526 | _aP74 | ||
| 526 | _aP27 | ||
| 526 | _aP15 | ||
| 650 | 0 | 4 |
_aEnfermedades ocupacionales _vTesis. |
| 700 | 1 |
_aQuispe Luque, Alexander Eddy _eautor |
|
| 596 | _a1 | ||
| 942 |
_2ddc _cTESIS |
||
| 999 |
_aTEF 2 C89 2016 _wALPHANUM _c9445 _iT01938 _lCCODEBUL3 _mBUL _r1 _sY _tTESIS _u2016-5-23 _xSALUD _PP22 _o.STAFF. Tesis _d9445 |
||
| 980 |
_81 _gALBERTO SANCHEZ Responsable de Automatización |
||